000 00953nam a2200289 i 4500
001 bg
003 BPK
005 20210407091003.0
008 010511s1976 pl a f f |000 0 pol
015 _aPB 1977/1819
040 _aWA N
_cBPK
041 0 _apol
080 _a62-5
080 _a681.5
080 _a(075.8)
100 1 _aParszewski, Zdzisław
_d(1924-1999)
_eAutor
245 1 0 _aPodstawy automatyki dla mechaników /
_cZdzisław Parszewski, Mirosław Roszkowski.
260 _aWarszawa :
_bPańst. Wydaw. Naukowe,
_c1976.
300 _a371, [4] s. :
_bil., tab., wykr. ;
_c25 cm.
504 _aBibliogr. s. 371-[372].
655 4 _aPodręczniki akademickie
650 4 _aAutomatyka
700 1 _aRoszkowski, Mirosław
_d(1935-1997).
710 2 _aPaństwowe Wydawnictwo Naukowe
_4pbl.
942 _2UKD
_cKS
856 _uhttp://koha.tu.koszalin.pl/cgi-bin/koha/opac-detail.pl?biblionumber=599
_yKatalog online BPK
999 _c599
_d599